| 000 | 00639nam a22002177a 4500 | ||
|---|---|---|---|
| 001 | BD-DhSAU 1591 | ||
| 003 | BD-DhSAU | ||
| 005 | 20150118130212.0 | ||
| 008 | 150118s1983 ii |||||r|||| 00| 0 eng d | ||
| 020 | _a8120402049 | ||
| 040 | _aBD-DhSAU | ||
| 082 |
_222 _a630.28 _bRAS |
||
| 100 | _aRaghavarao, Damaraju | ||
| 245 |
_aStatistical techniques in agriculture and biological research / _cDamaraju Raghavarao |
||
| 260 |
_aNew Delhi : _bOxford & IBH Pub. Co. Pvt. Ltd., _c1983. |
||
| 300 |
_axi, 364 p. : _c22 cm. |
||
| 590 | _aerfat | ||
| 650 | _aStatistical techniques. | ||
| 650 | _aAgriculture. | ||
| 650 | _aBiological research. | ||
| 942 |
_2ddc _cBOOK |
||
| 999 |
_c1591 _d1591 |
||